| 000 | 00622nam a2200169Ia 4500 | ||
|---|---|---|---|
| 003 | GCL | ||
| 005 | 20240530095400.0 | ||
| 008 | 140319s9999 xx 000 0 ara d | ||
| 040 |
_aGCL / _cGCL |
||
| 082 | 0 | 4 |
_a050 _bد/د هـ |
| 245 | 1 | 0 | _aالهلال يوليو 2002 : ثورة يوليو نصف قرن |
| 260 |
_aالقاهرة : _bدار الهلال للطباعة والنشر ، _c2002 |
||
| 650 | 0 | 4 | _aالضباط الاحرار |
| 650 | 0 | 4 | _aمصر - تاريخ - العصر الحديث - جمال عبدالناصر ( 1954-1970 ) |
| 650 | 0 | 4 | _aمصر - تاريخ - العصر الحديث |
| 942 |
_2ddc _cCR |
||
| 999 |
_c6680 _d6680 |
||